000 00949nam a2200265Ia 4500
003 OSt
005 20220923230626.0
006 a|||||r|||| 00| 0
007 ta
008 220922b |||||||| |||| 00| 0 hin d
020 _c80
024 _a285,078
037 _b449, 12/03/2008, Swaraj Prakashan
_cTextual
040 _aARTS
_cARTS
_bhin
041 _2hin
_ahin
082 _aD65,8(B), 152P6
100 _aशर्मा, वरूण कुमार
_9156273
245 0 _aकम्प्यूटर
_b क्या? क्यों? कैसे?
246 _aKampyūṭara: kyā kyoan kaise
260 _aदिल्ली
_b हिमाचल पुस्तक भंडार
_c2006
300 _a76पृ.
_ccm.
650 _aकम्प्यूटर
942 _hD65,8(B), 152P6
_cTEXL
_2CC
999 _c386147
_d386147